Selecciones FIFA que han llegado alguna vez al Top 10 - Estadísticas

Estadísticas generales
  • Esta prueba ha sido intentada 246 veces
  • La puntuación promedio es 33 de 38
Estadísticas de respuestas
Continente Mejor Ranking Respuesta % Correcto
América del Norte 4 Estados Unidos
99%
América del Norte 4 México
99%
América del Sur 1 Argentina
98%
América del Sur 1 Brasil
98%
Europa 1 España
98%
Europa 1 Francia
97%
Europa 1 Italia
97%
Asia 9 Japón
97%
América del Sur 2 Uruguay
97%
América del Sur 3 Chile
96%
América del Sur 3 Colombia
96%
Europa 1 Alemania
95%
Europa 3 Inglaterra
95%
Europa 1 Bélgica
94%
África 10 Marruecos
94%
América del Sur 8 Paraguay
94%
Europa 3 Portugal
93%
Europa 3 Rusia
93%
América del Sur 10 Ecuador
91%
América del Sur 10 Perú
91%
Europa 2 Suecia
91%
Europa 3 Suiza
88%
Europa 3 Croacia
86%
Europa 3 Dinamarca
84%
África 9 Egipto
82%
Europa 1 Holanda
82%
Europa 5 Polonia
80%
Europa 8 Grecia
79%
África 5 Nigeria
79%
Europa 2 Noruega
79%
Europa 10 Austria
77%
Europa 2 República Checa
73%
Europa 10 Ucrania
73%
Europa 5 Turquía
72%
Europa 8 Bulgaria
71%
Europa 3 Rumanía
71%
Europa 6 Irlanda
69%
Europa 8 Gales
50%
No se encontraron pruebas coincidentes
Distribución de puntuación
Porcentaje de gente con cada puntuación
Porcentaje por número respondido
Historial de tus puntuaciones
No has intentado esta prueba.